Incorporando razonamiento plausible en los sistemas de razonamiento revisable /

Guardado en:
Otros Autores: Delrieux, Claudio Augusto. (Disertante)
Formato: Manuscrito
Idioma:Spanish
Publicado: 1995.
Etiquetas: Agregar Etiqueta
Sin Etiquetas, Sea el primero en etiquetar este registro!
LEADER 00629ntm a22001575a 4500
001 MAT.inmabb003938
008 060606s1995####ag#######bm###000#0#spa#d
005 20151117131503.0
245 1 0 |a Incorporando razonamiento plausible en los sistemas de razonamiento revisable /  |c Claudio Delrieux. 
260 |c 1995. 
502 |a Tesis (Magister en Ciencias de la Computación)--Universidad Nacional del Sur, 1995. 
504 |a Incluye referencias bibliográficas (p. 187-221). 
100 1 |a Delrieux, Claudio Augusto.  |4 dis 
710 2 |a Universidad Nacional del Sur.  |4 dgg 
084 |a 03A05 (68T27)  |2 msc2000 
859 |h 03  |i D364  |p A-7247  |b BIB. MATEMATICA